• 首页
  • 本馆介绍
  • 公告通知
  • 最新文献
  • 馆藏检索
  • 电子资源
  • 读者导购
  • 参考咨询
  • 我的图书馆
  • 登录
  • 详细信息显示
  • 放入我的书架
  • 预约/预借图书
  • 作者相关作品
  • 分类相关作品
  • 丛书相关作品
  • 出版社相关作品

书目信息

  • 表格格式
  • 工作单格式
  • 卡片格式
题名:
楚地战国简帛与传世文献对读之研究
    
 
作者: 单育辰 著
分册:  
出版信息: 北京   中华书局  2014
页数: 348页
开本: 24cm
丛书名:
单 册:
中图分类: K877.54 , K877.94
科图分类:
主题词: 竹简文--研究--中国--战国时代 , 帛书文字--研究--中国--战国时代
电子资源:
ISBN: 978-7-101-08098-8
000 01174nam0 2200265 450
001 339100
005 20150604154513.64
010    @a978-7-101-08098-8@dCNY76.00
100    @a20140829d2014 kemy0chiy50 ea
101 0  @achi
102    @aCN@b110000
105    @aa v 000yy
106    @ar
200 1  @a楚地战国简帛与传世文献对读之研究@Achu di zhan guo jian bo yu chuan shi wen xian dui du zhi yan jiu@f单育辰著
210    @a北京@c中华书局@d2014
215    @a348页@c图@d24cm
300    @a2011年度全国高等院校古籍整理研究工作委员会直接资助项目资助
330    @a本书以楚地出土战国简帛与传世文献的对照为中心, 对楚地战国简帛出土、研究及先秦典籍的辨伪历史做了概括性的描述, 并着重对出土文献的字词考释、传世文献的辨伪与流传、传世文献的疏解与校正做了一些探讨。全书分为五章, 内容包括: 楚地战国简帛的出土及其研究概况、楚地战国简帛与传世文献对读在古文字考释中的重要性、楚地战国简帛与传世文献对读在先秦典籍研究中的重要性等。
606 0  @a竹简文@x研究@y中国@z战国时代
606 0  @a帛书文字@x研究@y中国@z战国时代
690    @aK877.54@v5
690    @aK877.94@v5
701  0 @a单育辰@Ashan yu chen@f(1976)@4著
801  0 @aCN@b卓展宏图@c20150525
905    @dK877.54@e299@f5
    
    楚地战国简帛与传世文献对读之研究/单育辰著.-北京:中华书局,2014
    348页:图;24cm
    2011年度全国高等院校古籍整理研究工作委员会直接资助项目资助
    
    ISBN 978-7-101-08098-8:CNY76.00
    本书以楚地出土战国简帛与传世文献的对照为中心, 对楚地战国简帛出土、研究及先秦典籍的辨伪历史做了概括性的描述, 并着重对出土文献的字词考释、传世文献的辨伪与流传、传世文献的疏解与校正做了一些探讨。全书分为五章, 内容包括: 楚地战国简帛的出土及其研究概况、楚地战国简帛与传世文献对读在古文字考释中的重要性、楚地战国简帛与传世文献对读在先秦典籍研究中的重要性等。
●
相关链接 在E读中查询图书 在五车中查询图书 在当当中查询图书 在豆瓣中查询图书


正题名:楚地战国简帛与传世文献对读之研究     索取号:K877.54/299         预约/预借

序号 登录号 条形码 馆藏地/架位号 状态 备注
1 859371   208593716   第二样本阅览室/ [索取号:K877.54/299] 在馆    
2 859372   208593725   第二借阅区/ [索取号:K877.54/299] 在馆    
3 859373   208593734   第二借阅区/ [索取号:K877.54/299] 在馆    
4 859374   208593743   密集书库-史法系/ [索取号:K877.54/299] 在馆    
5 859375   208593752   第二借阅区/ [索取号:K877.54/299] 在馆    
唐山师范学院图书馆 欢迎您!
大连网信软件有限公司© 版权所有